| 000 | 01578nam a2200361 a 4500 | ||
|---|---|---|---|
| 001 | ebr10103732 | ||
| 003 | CaPaEBR | ||
| 006 | m u | ||
| 007 | cr cn||||||||| | ||
| 008 | 030324s2003 enk sb 001 0 eng | ||
| 010 | _z 2003045689 | ||
| 020 | _z140390510X | ||
| 040 |
_aCaPaEBR _cCaPaEBR |
||
| 035 | _a(OCoLC)559948548 | ||
| 043 | _ae-uk--- | ||
| 050 | 1 | 4 |
_aPR468.G68 _bD79 2003eb |
| 082 | 0 | 4 |
_a823/.80927 _221 |
| 100 | 1 |
_aDryden, Linda, _d1954- |
|
| 245 | 1 | 4 |
_aThe modern Gothic and literary doubles _h[electronic resource] : _bStevenson, Wilde, and Wells / _cLinda Dryden. |
| 260 |
_aHoundmills, Basingstoke, Hampshire ; _aNew York : _bPalgrave Macmillan, _c2003. |
||
| 300 | _axiii, 220 p. | ||
| 504 | _aIncludes bibliographical references (p. 205-213) and index. | ||
| 533 |
_aElectronic reproduction. _bPalo Alto, Calif. : _cebrary, _d2013. _nAvailable via World Wide Web. _nAccess may be limited to ebrary affiliated libraries. |
||
| 600 | 1 | 0 |
_aStevenson, Robert Louis, _d1850-1894 _xCriticism and interpretation. |
| 600 | 1 | 0 |
_aWilde, Oscar, _d1854-1900 _xCriticism and interpretation. |
| 600 | 1 | 0 |
_aWells, H. G. _q(Herbert George), _d1866-1946 _xCriticism and interpretation. |
| 650 | 0 |
_aEnglish literature _y19th century _xHistory and criticism. |
|
| 650 | 0 |
_aGothic revival (Literature) _zGreat Britain. |
|
| 650 | 0 | _aDoubles in literature. | |
| 655 | 7 |
_aElectronic books. _2local |
|
| 710 | 2 | _aebrary, Inc. | |
| 856 | 4 | 0 |
_uhttp://site.ebrary.com/lib/rucke/Doc?id=10103732 _zAn electronic book accessible through the World Wide Web; click to view |
| 999 |
_c102176 _d102176 |
||